000 00552cam a22002053a 4500
001 39172
003 PGUSA
005 20140828083853.0
008 120317s2012||||xxu|||||s|||||000 | eng d
040 _aPGUSA
_beng
042 _adc
100 1 _aHay, Ian,
_d1876-1952
245 1 2 _aA Safety Match
_h[electronic resource] /
_cIan Hay
260 _bProject Gutenberg,
_c2012
506 _aPublic domain in the USA.
516 _aElectronic text
830 0 _aProject Gutenberg
_v39172
856 4 0 _uhttp://www.gutenberg.org/ebooks/39172
942 _cEB
999 _c268425
_d268425